[Event "San Francisco TNM Fall op"]
[Site "San Francisco"]
[Date "2017.11.28"]
[Round "6"]
[White "Porlares, Teodoro"]
[Black "Wong, Russell"]
[Result "0-1"]
[WhiteElo "1854"]
[BlackElo "2058"]
[PlyCount "92"]
[EventDate "2017.10.24"]
[EventType "swiss"]
[EventRounds "9"]
[EventCountry "USA"]
[SourceTitle "EXT 2023"]
[Source "ChessBase"]
[SourceDate "2022.10.05"]
[SourceVersion "1"]
[SourceVersionDate "2022.10.05"]
[SourceQuality "1"]

1. e4 c5 2. Nf3 a6 3. a4 d6 4. d4 cxd4 5. Nxd4 Nf6 6. Nc3 g6 7. Bc4 Bg7 8. 0-0 0-0 9. Kh1 Nxe4 10. Bxf7+ Rxf7 11. Nxe4 Nc6 12. Nb3 h6 13. a5 Be6 14. c3 Rf5 15. Ng3 Rb5 16. Nd4 Nxd4 17. cxd4 Rxa5 18. Ra3 Rxa3 19. bxa3 Rc8 20. Re1 Bf7 21. Qe2 Rc4 22. Rd1 Qc7 23. Be3 b5 24. h3 Rc3 25. Qd2 Kh7 26. Qb2 Rb3 27. Qc1 Qxc1 28. Bxc1 Rb1 29. Ne2 Bb3 30. Re1 Bc4 31. Nc3 Ra1 32. Kh2 Bxd4 33. Rxe7+ Kg8 34. Bb2 Rf1 35. f4 Rxf4 36. Ne2 Bxe2 37. Rxe2 Bxb2 38. Rxb2 Kf7 39. Kg3 Rc4 40. Rb3 Ke6 41. Kf3 d5 42. Re3+ Kd6 43. g3 d4 44. Rd3 Rc3 45. Ke4 Rxd3 46. Kxd3 Kc5 0-1

[Event "San Francisco TNM Fall op"]
[Site "San Francisco"]
[Date "2017.10.31"]
[Round "2"]
[White "McKellar, Daniel"]
[Black "Wong, Russell"]
[Result "0-1"]
[WhiteElo "1810"]
[BlackElo "2058"]
[PlyCount "70"]
[EventDate "2017.10.24"]
[EventType "swiss"]
[EventRounds "9"]
[EventCountry "USA"]
[SourceTitle "EXT 2023"]
[Source "ChessBase"]
[SourceDate "2022.10.05"]
[SourceVersion "1"]
[SourceVersionDate "2022.10.05"]
[SourceQuality "1"]

1. d4 Nf6 2. c4 e6 3. Nc3 Bb4 4. Qc2 d6 5. Bg5 Nbd7 6. Nf3 h6 7. Bd2 Qe7 8. e4 Bxc3 9. Bxc3 e5 10. dxe5 dxe5 11. Bd3 0-0 12. 0-0 Re8 13. b4 Nh5 14. c5 Nf4 15. Bd2 Qf6 16. Bxf4 exf4 17. Rad1 Ne5 18. Be2 a5 19. Qa4 Bg4 20. b5 Nxf3+ 21. Bxf3 Bxf3 22. gxf3 Re5 23. Rd5 Qg5+ 24. Kh1 Rxd5 25. exd5 Qxd5 26. Qxf4 Qxc5 27. a4 Rd8 28. Rc1 Qxf2 29. Qxc7 Qxf3+ 30. Kg1 Rd4 31. Qc8+ Kh7 32. Qc2+ g6 33. Qf2 Rg4+ 34. Kf1 Qd3+ 35. Ke1 Re4+ 0-1

[Event "San Francisco Grey Memorial"]
[Site "San Francisco"]
[Date "2017.09.26"]
[Round "8"]
[White "Porlares, Teodoro"]
[Black "Wong, Russell"]
[Result "0-1"]
[WhiteElo "1861"]
[BlackElo "2057"]
[PlyCount "92"]
[EventDate "2017.08.08"]
[EventType "swiss"]
[EventRounds "9"]
[EventCountry "USA"]
[SourceTitle "EXT 2023"]
[Source "ChessBase"]
[SourceDate "2022.10.05"]
[SourceVersion "1"]
[SourceVersionDate "2022.10.05"]
[SourceQuality "1"]

1. d4 Nf6 2. c4 e6 3. Nf3 Bb4+ 4. Nc3 c5 5. e3 Nc6 6. a3 Bxc3+ 7. bxc3 0-0 8. Bd3 d6 9. 0-0 e5 10. d5 Ne7 11. e4 h6 12. h3 g5 13. Nh2 Ng6 14. g4 Kh8 15. Kh1 Nf4 16. Bxf4 gxf4 17. f3 Rg8 18. Qe1 Nh7 19. h4 h5 20. Rg1 Bd7 21. g5 f6 22. gxf6 Qxf6 23. Qf2 Rxg1+ 24. Rxg1 Rg8 25. Rxg8+ Kxg8 26. Nf1 Nf8 27. Nd2 Ng6 28. Bf1 b6 29. Kh2 Nxh4 30. Bh3 Bxh3 31. Kxh3 Ng6 32. Nf1 Qe7 33. Kh2 Kg7 34. Kh1 Kh6 35. Nh2 Qd7 36. Qc2 Qh3 37. Qg2 Qg3 38. Qxg3 fxg3 39. Nf1 h4 40. Ne3 Ne7 41. Kg2 Kg5 42. Ng4 Ng6 43. Ne3 Nf4+ 44. Kg1 h3 45. a4 Ne2+ 46. Kh1 Kf4 0-1

[Event "San Francisco Grey Memorial"]
[Site "San Francisco"]
[Date "2017.09.05"]
[Round "5"]
[White "Wong, Russell"]
[Black "Poling, Scott"]
[Result "1/2-1/2"]
[WhiteElo "2057"]
[BlackElo "1837"]
[PlyCount "55"]
[EventDate "2017.08.08"]
[EventType "swiss"]
[EventRounds "9"]
[EventCountry "USA"]
[SourceTitle "EXT 2023"]
[Source "ChessBase"]
[SourceDate "2022.10.05"]
[SourceVersion "1"]
[SourceVersionDate "2022.10.05"]
[SourceQuality "1"]

1. e4 c5 2. Ne2 a6 3. d4 cxd4 4. Nxd4 e6 5. c4 Bb4+ 6. Nd2 Nf6 7. e5 Ne4 8. Bd3 Nxd2 9. Bxd2 Qa5 10. Bxb4 Qxb4+ 11. Qd2 Qc5 12. Nf3 Nc6 13. 0-0 Nxe5 14. Nxe5 Qxe5 15. Rfe1 Qf6 16. Re3 Rb8 17. Rf3 Qe7 18. Qf4 e5 19. Qg3 0-0 20. Re3 d6 21. c5 f6 22. f4 dxc5 23. Qh4 g5 24. fxg5 f5 25. Rae1 e4 26. g4 Qd6 27. gxf5 Bxf5 28. Bc4+ 1/2-1/2

[Event "San Francisco TNM Winter op"]
[Site "San Francisco"]
[Date "2017.02.07"]
[Round "6"]
[White "Wong, Russell"]
[Black "Porlares, Teodoro"]
[Result "0-1"]
[WhiteElo "2073"]
[BlackElo "1822"]
[PlyCount "84"]
[EventDate "2017.01.03"]
[EventType "swiss"]
[EventRounds "8"]
[EventCountry "USA"]
[SourceTitle "EXT 2018"]
[Source "ChessBase"]
[SourceDate "2017.10.13"]
[SourceVersion "1"]
[SourceVersionDate "2017.10.13"]
[SourceQuality "1"]

1. e4 c6 2. c4 d5 3. exd5 cxd5 4. cxd5 Qxd5 5. Nc3 Qd8 6. Nf3 Nc6 7. d4 e6 8. Bb5 a6 9. Ba4 b5 10. Bb3 Nf6 11. 0-0 Be7 12. Re1 0-0 13. d5 exd5 14. Nxd5 Nxd5 15. Qxd5 Bb7 16. Qh5 Bf6 17. Ng5 Bxg5 18. Bxg5 Qd6 19. Qh4 Nd4 20. Bd1 Qd5 21. f3 Rfe8 22. Be3 Nf5 23. Qf2 Nxe3 24. Rxe3 Rxe3 25. Qxe3 Rd8 26. Bb3 Qd4 27. Re1 Kf8 28. Kf2 Qxe3+ 29. Rxe3 Rd2+ 30. Re2 Rxe2+ 31. Kxe2 Ke7 32. Kd3 f6 33. Kd4 Kd6 34. Bg8 h6 35. b4 g5 36. Bh7 g4 37. Be4 gxf3 38. gxf3 Bc8 39. f4 Kc7 40. Kc5 Be6 41. a3 Bc8 42. Bc2 Bd7 0-1

[Event "San Francisco Benson Memorial"]
[Site "San Francisco"]
[Date "2016.09.13"]
[Round "7"]
[White "Krasnov, Steven Lender"]
[Black "Wong, Russell"]
[Result "1-0"]
[WhiteElo "1977"]
[BlackElo "2200"]
[PlyCount "65"]
[EventDate "2016.08.02"]
[EventType "swiss"]
[EventRounds "9"]
[EventCountry "USA"]
[SourceTitle "EXT 2018"]
[Source "ChessBase"]
[SourceDate "2017.10.13"]
[SourceVersion "1"]
[SourceVersionDate "2017.10.13"]
[SourceQuality "1"]

1. c4 d6 2. Nc3 e5 3. g3 g6 4. Bg2 Bg7 5. d3 Ne7 6. Nh3 h6 7. 0-0 0-0 8. f4 Nbc6 9. e3 Bd7 10. Bd2 Qc8 11. Nf2 exf4 12. gxf4 Nf5 13. d4 Nh4 14. Bh1 Kh8 15. Nd5 Qd8 16. Bc3 g5 17. Qh5 gxf4 18. Nxf4 Rg8 19. Ng2 Bf8 20. Ne4 f5 21. Ng3 Nxg2 22. Bxg2 Rg5 23. Qe2 Bg7 24. b4 Qe8 25. Kh1 h5 26. Rf4 Qg6 27. Rh4 Be8 28. Rf1 Bf7 29. Rhf4 Ne7 30. e4 Be6 31. Rh4 fxe4 32. Nxh5 Rg4 33. Nf4+ 1-0

[Event "San Francisco Benson Memorial"]
[Site "San Francisco"]
[Date "2016.08.09"]
[Round "2"]
[White "Wong, Russell"]
[Black "McKellar, Daniel"]
[Result "1/2-1/2"]
[WhiteElo "2200"]
[BlackElo "1745"]
[PlyCount "85"]
[EventDate "2016.08.02"]
[EventType "swiss"]
[EventRounds "9"]
[EventCountry "USA"]
[SourceTitle "EXT 2018"]
[Source "ChessBase"]
[SourceDate "2017.10.13"]
[SourceVersion "1"]
[SourceVersionDate "2017.10.13"]
[SourceQuality "1"]

1. e4 e6 2. d4 d5 3. Nc3 dxe4 4. Nxe4 Bd7 5. Nf3 Bc6 6. Bd3 Nd7 7. Qe2 Ngf6 8. Neg5 Bxf3 9. Qxf3 c6 10. 0-0 h6 11. Qh3 Qe7 12. Bd2 0-0-0 13. Rfe1 g6 14. a3 Bg7 15. Bb4 Qe8 16. Nxe6 fxe6 17. Rxe6 Qf7 18. Bc4 Nd5 19. Bxd5 cxd5 20. Bd6 Bxd4 21. Re7 Qxf2+ 22. Kh1 Rhf8 23. Ree1 Rde8 24. Red1 Re3 25. Qg4 Re4 26. Qxg6 Qf6 27. Qg3 Bf2 28. Qd3 Qxd6 29. Qxe4 dxe4 30. Rxd6 e3 31. Re6 Kd8 32. g3 Re8 33. Rxe8+ Kxe8 34. Kg2 Ne5 35. b3 Ng4 36. Kf3 Nxh2+ 37. Ke2 Kf7 38. Rh1 Ng4 39. Rh4 Nf6 40. Rxh6 Bxg3 41. Rh3 Bf2 42. c4 Ke6 43. Rh8 1/2-1/2

[Event "San Francisco TNM Summer op"]
[Site "San Francisco"]
[Date "2016.06.07"]
[Round "3"]
[White "Wong, Russell"]
[Black "Melville, Cailen"]
[Result "1-0"]
[WhiteElo "2200"]
[BlackElo "1901"]
[PlyCount "60"]
[EventDate "2016.05.24"]
[EventType "swiss"]
[EventRounds "8"]
[EventCountry "USA"]
[SourceTitle "EXT 2018"]
[Source "ChessBase"]
[SourceDate "2017.10.13"]
[SourceVersion "1"]
[SourceVersionDate "2017.10.13"]
[SourceQuality "1"]

1. e4 e6 2. d4 d5 3. Nc3 dxe4 4. Nxe4 b6 5. Nf3 Bb7 6. Bb5+ c6 7. Bd3 Nf6 8. Qe2 Nxe4 9. Bxe4 Qc7 10. 0-0 Nd7 11. c4 0-0-0 12. Bg5 Re8 13. Bh4 h6 14. Bg3 Bd6 15. c5 Bxg3 16. hxg3 bxc5 17. Rac1 g5 18. dxc5 f5 19. Bd3 f4 20. Nd2 Kb8 21. Rc3 Re7 22. Ba6 Qe5 23. Ne4 Ba8 24. Rb3+ Kc7 25. Qd2 Nxc5 26. Qa5+ Kd7 27. Nxc5+ Ke8 28. Re1 Qd5 29. Rd3 Qf5 30. g4 Qxg4 1-0

[Event "San Francisco TNM Spring op"]
[Site "San Francisco"]
[Date "2016.04.19"]
[Round "6"]
[White "Fuentes, Romulo C"]
[Black "Wong, Russell"]
[Result "0-1"]
[WhiteElo "2208"]
[BlackElo "2200"]
[PlyCount "44"]
[EventDate "2016.03.15"]
[EventType "swiss"]
[EventRounds "8"]
[EventCountry "USA"]
[SourceTitle "EXT 2018"]
[Source "ChessBase"]
[SourceDate "2017.10.13"]
[SourceVersion "1"]
[SourceVersionDate "2017.10.13"]
[SourceQuality "1"]

1. d4 c5 2. Nf3 Nf6 3. Nc3 e6 4. e4 d5 5. Bg5 cxd4 6. Qxd4 Nc6 7. Bxf6 gxf6 8. Bb5 Bd7 9. Bxc6 bxc6 10. exd5 cxd5 11. 0-0 Be7 12. Qg4 Kf8 13. Qh5 h6 14. Rad1 Rb8 15. Rb1 Rb4 16. Rfe1 Qb8 17. Nd1 Rf4 18. c3 e5 19. h3 Bf5 20. g3 Rxf3 21. Qxf3 Bxb1 22. Qxd5 Bf5 0-1

[Event "San Francisco TNM Spring op"]
[Site "San Francisco"]
[Date "2016.04.12"]
[Round "5"]
[White "Wong, Russell"]
[Black "Royzen, Igor"]
[Result "1-0"]
[WhiteElo "2200"]
[BlackElo "1879"]
[PlyCount "81"]
[EventDate "2016.03.15"]
[EventType "swiss"]
[EventRounds "8"]
[EventCountry "USA"]
[SourceTitle "EXT 2018"]
[Source "ChessBase"]
[SourceDate "2017.10.13"]
[SourceVersion "1"]
[SourceVersionDate "2017.10.13"]
[SourceQuality "1"]

1. e4 c6 2. d4 d5 3. Nc3 dxe4 4. Nxe4 Bf5 5. Ng3 Bg6 6. Nf3 Nd7 7. h4 h6 8. h5 Bh7 9. Bd3 Bxd3 10. Qxd3 e6 11. Bd2 Ngf6 12. 0-0-0 Be7 13. c4 0-0 14. Bc3 b5 15. c5 Nd5 16. Rhe1 Nxc3 17. Qxc3 Nf6 18. Kb1 Nd5 19. Qd2 Bf6 20. Ne4 a5 21. g4 Qc7 22. Nxf6+ Nxf6 23. Ne5 Rad8 24. g5 Nxh5 25. gxh6 g6 26. Rh1 Kh7 27. Qe3 Rd5 28. Rdg1 Nf6 29. Rg3 Nd7 30. Nf3 e5 31. dxe5 Nxe5 32. Ng5+ Kh8 33. Qf4 Qe7 34. Re3 Nd3 35. Rxe7 Nxf4 36. Nxf7+ Kh7 37. Ng5+ Kh8 38. Rh7+ Kg8 39. Rg7+ Kh8 40. Nf7+ Rxf7 41. Rxf7 1-0

[Event "San Francisco TNM Spring op"]
[Site "San Francisco"]
[Date "2016.03.29"]
[Round "3"]
[White "Wong, Russell"]
[Black "Ochoa, Jason"]
[Result "1-0"]
[WhiteElo "2200"]
[BlackElo "1893"]
[PlyCount "53"]
[EventDate "2016.03.15"]
[EventType "swiss"]
[EventRounds "8"]
[EventCountry "USA"]
[SourceTitle "EXT 2018"]
[Source "ChessBase"]
[SourceDate "2017.10.13"]
[SourceVersion "1"]
[SourceVersionDate "2017.10.13"]
[SourceQuality "1"]

1. e4 c5 2. Ne2 g6 3. d4 Bg7 4. dxc5 Qa5+ 5. Nbc3 Qxc5 6. Be3 Qa5 7. Bd4 Nf6 8. e5 Ng4 9. e6 Qf5 10. exf7+ Qxf7 11. f3 Nf6 12. Nb5 Na6 13. Nec3 0-0 14. Qd2 Nb4 15. Nc7 d6 16. Nxa8 Bf5 17. Bd3 Nxd3+ 18. cxd3 Rxa8 19. 0-0 e5 20. Bf2 d5 21. Rfe1 Nd7 22. d4 Rd8 23. Bh4 Rc8 24. dxe5 Nxe5 25. Qxd5 Be6 26. Qd6 Re8 27. Rxe5 1-0

[Event "San Francisco TNM Winter op"]
[Site "San Francisco"]
[Date "2016.01.12"]
[Round "2"]
[White "Wong, Russell"]
[Black "LaGrotta, Daniel S"]
[Result "1-0"]
[WhiteElo "2200"]
[BlackElo "1653"]
[PlyCount "63"]
[EventDate "2016.01.05"]
[EventType "swiss"]
[EventRounds "8"]
[EventCountry "USA"]
[SourceTitle "EXT 2018"]
[Source "ChessBase"]
[SourceDate "2017.10.13"]
[SourceVersion "1"]
[SourceVersionDate "2017.10.13"]
[SourceQuality "1"]

1. e4 c5 2. Nf3 d6 3. d4 cxd4 4. Nxd4 Nf6 5. Nc3 a6 6. g3 g6 7. Bg2 Bg7 8. 0-0 0-0 9. h3 Qc7 10. Bg5 Nc6 11. Bxf6 Bxf6 12. Nd5 Qd8 13. Nxf6+ exf6 14. Nxc6 bxc6 15. Qd4 Qe7 16. Rad1 Rd8 17. Rd2 c5 18. Qc3 Bb7 19. Rfd1 Rd7 20. h4 Rad8 21. Qa5 Qe5 22. Qb6 Kg7 23. c4 Qe6 24. b4 Qxc4 25. bxc5 Qb5 26. Qxb5 axb5 27. cxd6 Ra8 28. Rb1 Ra4 29. f3 b4 30. Rc1 Kf8 31. Rc7 Ke8 32. Bh3 1-0

[Event "San Francisco TNM Fall op"]
[Site "San Francisco"]
[Date "2015.12.08"]
[Round "8"]
[White "Manvelyan, Hovik"]
[Black "Wong, Russell"]
[Result "0-1"]
[WhiteElo "1924"]
[BlackElo "2107"]
[PlyCount "54"]
[EventDate "2015.10.20"]
[EventType "swiss"]
[EventRounds "9"]
[EventCountry "USA"]
[SourceTitle "EXT 2023"]
[Source "ChessBase"]
[SourceDate "2022.10.05"]
[SourceVersion "1"]
[SourceVersionDate "2022.10.05"]
[SourceQuality "1"]

1. d4 c5 2. d5 g6 3. c4 e5 4. Nc3 d6 5. e4 a6 6. Bd3 Bg7 7. Nge2 Ne7 8. 0-0 Nd7 9. Be3 0-0 10. Qd2 f5 11. Bh6 f4 12. Bxg7 Kxg7 13. f3 g5 14. g4 Ng6 15. Bc2 Nf6 16. h3 h5 17. Kf2 hxg4 18. hxg4 Rh8 19. Rh1 Bxg4 20. Rag1 Bxf3 21. Kxf3 g4+ 22. Kf2 g3+ 23. Kf1 Ng4 24. Ke1 Rh2 25. Nxg3 fxg3 26. Ne2 Qh4 27. Nxg3 Rxh1 0-1

[Event "San Francisco Leighton Memorial"]
[Site "San Francisco"]
[Date "2015.08.04"]
[Round "1"]
[White "Wong, Russell"]
[Black "Morgan, Jerry"]
[Result "1-0"]
[WhiteElo "2107"]
[BlackElo "1510"]
[PlyCount "59"]
[EventDate "2015.08.04"]
[EventType "swiss"]
[EventRounds "9"]
[EventCountry "USA"]
[SourceTitle "EXT 2023"]
[Source "ChessBase"]
[SourceDate "2022.10.05"]
[SourceVersion "1"]
[SourceVersionDate "2022.10.05"]
[SourceQuality "1"]

1. e4 Nf6 2. e5 Nd5 3. c4 Nb6 4. d4 d6 5. exd6 exd6 6. Nc3 Nc6 7. Be3 Be7 8. Rc1 0-0 9. Be2 Bf5 10. b3 Bf6 11. Nf3 a6 12. 0-0 Re8 13. Re1 Bg4 14. h3 Bh5 15. Qd2 d5 16. c5 Nc8 17. g4 Bg6 18. Bf1 Be4 19. Bg2 Nb4 20. Nxe4 dxe4 21. Qxb4 exf3 22. Bxf3 Rb8 23. Rcd1 Ne7 24. d5 Be5 25. Bg5 f6 26. Rxe5 fxg5 27. Rde1 Qd7 28. Qe4 Ng6 29. Rxe8+ Rxe8 30. Qxe8+ 1-0

[Event "San Francisco TNM Summer op"]
[Site "San Francisco"]
[Date "2015.05.26"]
[Round "1"]
[White "Wong, Russell"]
[Black "Handler, Andrew Todd"]
[Result "1/2-1/2"]
[WhiteElo "2200"]
[BlackElo "1663"]
[PlyCount "106"]
[EventDate "2015.05.26"]
[EventType "swiss"]
[EventRounds "8"]
[EventCountry "USA"]
[SourceTitle "EXT 2016"]
[Source "ChessBase"]
[SourceDate "2015.10.08"]
[SourceVersion "1"]
[SourceVersionDate "2015.10.08"]
[SourceQuality "1"]

1. e4 c5 2. Nf3 Nc6 3. d4 cxd4 4. Nxd4 g6 5. c4 Bg7 6. Be3 Nf6 7. Nc3 0-0 8. Be2 d6 9. 0-0 Nxd4 10. Bxd4 Bd7 11. Qd3 a6 12. b4 Rc8 13. Rac1 Bc6 14. Rfd1 b5 15. Qe3 bxc4 16. Bxc4 Bb7 17. Nd5 Nxd5 18. Bxd5 Qd7 19. Bxg7 Kxg7 20. Qa7 Rb8 21. a3 Rfc8 22. h3 h5 23. f4 e6 24. Bxb7 Rxc1 25. Rxc1 Qxb7 26. Qxb7 Rxb7 27. Rc6 a5 28. bxa5 Rb5 29. Rxd6 Rxa5 30. Rd3 Kf6 31. Kf2 e5 32. Ke3 exf4+ 33. Kxf4 g5+ 34. Ke3 Ra4 35. g3 Ke5 36. Kf3 g4+ 37. hxg4 hxg4+ 38. Kxg4 Rxe4+ 39. Kf3 Ra4 40. Ke2 f5 41. Kd2 f4 42. gxf4+ Kxf4 43. Kc2 Ke4 44. Rh3 Kd5 45. Kb3 Re4 46. Rc3 Kd6 47. Rc4 Rxc4 48. Kxc4 Kc7 49. Kc5 Kb7 50. Kb5 Ka7 51. a4 Kb7 52. a5 Ka7 53. a6 Kb8 1/2-1/2

[Event "San Francisco TNM Spring op"]
[Site "San Francisco"]
[Date "2015.05.05"]
[Round "8"]
[White "Askin, David"]
[Black "Wong, Russell"]
[Result "0-1"]
[WhiteElo "1959"]
[BlackElo "2215"]
[PlyCount "41"]
[EventDate "2015.03.17"]
[EventType "swiss"]
[EventRounds "8"]
[EventCountry "USA"]
[SourceTitle "EXT 2016"]
[Source "ChessBase"]
[SourceDate "2015.10.08"]
[SourceVersion "1"]
[SourceVersionDate "2015.10.08"]
[SourceQuality "1"]

1. d4 Nf6 2. Nf3 c5 3. d5 a6 4. a4 d6 5. Nc3 g6 6. e4 Bg7 7. Be2 0-0 8. h3 e6 9. 0-0 e5 10. Nd2 Nbd7 11. Nc4 Qe7 12. a5 Rb8 13. Ra3 b5 14. axb6 Nxb6 15. Na5 Qc7 16. b3 Ra8 17. Be3 Nfd7 18. Bd3 f5 19. f3 f4 20. Bf2 Nf6 21. Qe2 0-1

[Event "San Francisco TNM Spring op"]
[Site "San Francisco"]
[Date "2015.04.21"]
[Round "6"]
[White "Wong, Russell"]
[Black "Basak, Aniruddha"]
[Result "1/2-1/2"]
[WhiteElo "2215"]
[BlackElo "2039"]
[PlyCount "56"]
[EventDate "2015.03.17"]
[EventType "swiss"]
[EventRounds "8"]
[EventCountry "USA"]
[SourceTitle "EXT 2016"]
[Source "ChessBase"]
[SourceDate "2015.10.08"]
[SourceVersion "1"]
[SourceVersionDate "2015.10.08"]
[SourceQuality "1"]

1. e4 c5 2. Nf3 g6 3. c4 Nc6 4. d4 cxd4 5. Nxd4 Nf6 6. Nc3 d6 7. Be2 Nxd4 8. Qxd4 Bg7 9. Be3 0-0 10. Qd2 a5 11. f3 a4 12. Rc1 Qa5 13. 0-0 Be6 14. Nd5 Qxd2 15. Bxd2 Nxd5 16. cxd5 Bd4+ 17. Kh1 Bd7 18. Rc7 Rfd8 19. Bc3 Bxc3 20. Rxc3 e6 21. dxe6 Bxe6 22. a3 d5 23. exd5 Rxd5 24. Rd1 Rad8 25. Rcd3 Rxd3 26. Rxd3 Rc8 27. Rc3 Rd8 28. Rd3 Rc8 1/2-1/2